|
|
|
|
| LEADER |
00000nam a2200000Ia 4500 |
| 008 |
170901b1998 cr ||||| |||| 00| | spa d |
| 999 |
|
|
|c 916
|d 916
|
| 020 |
|
|
|a 9968989916
|
| 090 |
|
|
|a 07.09.01
|b 477
|
| 100 |
1 |
|
|a Aguilar Zárate, María de los Angeles
|9 3141
|
| 245 |
1 |
0 |
|a Conociendo los animales nativos de Costa Rica en el Zoológico Nacional Simón Bolívar /
|c María de los Angeles Aguilar Zárate, Luisa Valle Bourrouet
|
| 260 |
|
|
|a San José, Costa Rica :
|b Fundación Prozoológicos,
|c 1998
|
| 300 |
|
|
|a 116 páginas
|
| 650 |
1 |
4 |
|a ANIMALES
|9 2469
|
| 650 |
1 |
4 |
|a ANFIBIOS
|9 3142
|
| 650 |
1 |
4 |
|a REPTILES
|9 3143
|
| 650 |
1 |
4 |
|a AVES
|9 3144
|
| 650 |
1 |
4 |
|a MAMÍFEROS
|9 3148
|
| 650 |
1 |
4 |
|a PARQUES NACIONALES
|9 3139
|
| 700 |
1 |
|
|a Valle Bourrouet, Luisa
|9 3149
|
| 710 |
2 |
|
|a Fundación Prozoológicos
|9 3140
|
| 942 |
|
|
|i 00839
|h 07.09.01 477
|2 z
|c 01
|